000
00317nam a2200121Ia 4500
008
190216s9999||||xx |||||||||||||| ||und||
100
_a
Vallathol Narayanamenon
245
0
_a
Indiayude Karachil
260
_b
"Vallathol Grandhalayam, Cheruthuruthi"
_c
1963
300
_a
21p
650
_a
Kavithkal
942
_c
BK
999
_c
24201
_d
24201